Welcome to CU Library Online Public Access Catalogue (OPAC)

Internet Ethics (Record no. 851)

MARC details
000 -LEADER
fixed length control field 00413nam a22001577a 4500
005 - DATE AND TIME OF LATEST TRANSACTION
control field 20241108103810.0
008 - FIXED-LENGTH DATA ELEMENTS--GENERAL INFORMATION
fixed length control field 241108b |||||||| |||| 00| 0 eng d
020 ## - INTERNATIONAL STANDARD BOOK NUMBER
International Standard Book Number 9780333776261
050 ## - LIBRARY OF CONGRESS CALL NUMBER
Classification number TK5105.
Item number 875.I57 INT
245 ## - TITLE STATEMENT
Title Internet Ethics
260 ## - PUBLICATION, DISTRIBUTION, ETC.
Place of publication, distribution, etc. London
Name of publisher, distributor, etc. Macmillan Press LTD.
Date of publication, distribution, etc. c2000
300 ## - PHYSICAL DESCRIPTION
Extent xiv, 281p
Other physical details ill.;
500 ## - GENERAL NOTE
General note include index
700 ## - ADDED ENTRY--PERSONAL NAME
Personal name editor Duncan Langford
942 ## - ADDED ENTRY ELEMENTS (KOHA)
Source of classification or shelving scheme Library of Congress Classification
Koha item type Books
Suppress in OPAC No
999 ## -
-- 851
-- 851

No items available.

© 2023-2024 Copyright: Central University Libraries. All Rights Reserved | Created by: Mahone Tech Office